000 00896nam a2200265Ia 4500
003 OSt
005 20221005105259.0
006 a|||||r|||| 00| 0
007 ta
008 221004b |||||||| |||| 00| 0 hin d
020 _a9788170169215 (hbk)
_c2125
024 _a17255
037 _b24018, 27/03/2015, Kitab Ghar
_cTextual
040 _aCRL
_cCRL
_bhin
041 _2hin
_ahin
082 _aR6-37, 152Q3
100 _aमैनी, धर्मपाल
245 0 _aभारतीय मूल्य चेतना
246 _aBhāratīya mūlya chetanā
260 _aनई दिल्ली
_bकिताबघर भारत
_c2013
300 _a247पृ0
_ccm.
650 _aभारतीय दर्शन
942 _hR6-37, 152Q3
_cTEXL
_2cc
999 _c1015353
_d1015353